000 00419nam a2200157 i 4500
001 75473
003 ES-MaACL
005 20230906172451.0
007 t|
008 040924s1959 sp ||||1| spa d
100 1 _aGoytisolo, Juan.
_959422
245 1 0 _aProblemas de la novela /
_cJuan Goytisolo.
260 _aBarcelona :
_bSeix Barral,
_c1959.
300 _a145 p. ;
_c18 cm.
852 _aES-MaACL
_jC-17316
_bR.44883
999 _c75473
_d75473